Pokémon With No Evolution (Gen I-IX) - Statistics

General Stats
  • This quiz has been taken 35 times
  • The average score is 41 of 92
Answer Stats
Answer % Correct
Kangaskhan
80%
Pinsir
73%
Tauros
73%
Dedenne
67%
Luvdisc
67%
Minun
67%
Pachirisu
67%
Plusle
67%
Absol
60%
Audino
60%
Chatot
60%
Ditto
60%
Druddigon
60%
Emolga
60%
Klefki
60%
Lapras
60%
Miltank
60%
Sableye
60%
Aerodactyl
53%
Alomomola
53%
Bouffalant
53%
Bruxish
53%
Castform
53%
Dondozo
53%
Drampa
53%
Farfetch'd
53%
Heracross
53%
Illumise
53%
Kecleon
53%
Maractus
53%
Mawile
53%
Mimikyu
53%
Relicanth
53%
Smeargle
53%
Spiritomb
53%
Tatsugiri
53%
Togedemaru
53%
Volbeat
53%
Zangoose
53%
Carnivine
47%
Comfey
47%
Hawlucha
47%
Komala
47%
Oricorio
47%
Seviper
47%
Turtonator
47%
Veluza
47%
Carbink
40%
Corsola
40%
Delibird
40%
Dhelmise
40%
Durant
40%
Heatmor
40%
Minior
40%
Morpeko
40%
Oranguru
40%
Passimian
40%
Shuckle
40%
Spinda
40%
Stunfisk
40%
Arctovish
33%
Arctozolt
33%
Cramorant
33%
Dracovish
33%
Dracozolt
33%
Furfrou
33%
Indeedee
33%
Klawf
33%
Lunatone
33%
Pyukumuku
33%
Skarmory
33%
Solrock
33%
Tropius
33%
Wishiwashi
33%
Cryogonal
27%
Falinks
27%
Flamigo
27%
Orthworm
27%
Qwilfish
27%
Rotom
27%
Sawk
27%
Throh
27%
Torkoal
27%
Unown
27%
Basculin
20%
Bombirdier
20%
Cyclizar
20%
Eiscue
20%
Pincurchin
20%
Sigilyph
20%
Stonjourner
20%
Squawkabilly
13%
No matching quizzes found
Score Distribution
Percent of People with Each Score
Percentile by Number Answered
Your Score History
You have not taken this quiz